IBC. International business cooperation

Salvato in:
Dettagli Bibliografici
Natura: Periodico
Lingua:slovacco
Pubblicazione: Bratislava INFORMEX 2001
Soggetti:
Tags: Aggiungi Tag
Nessun Tag, puoi essere il primo ad aggiungerne!!

MARC

LEADER 00000nas2a22000001 4500
001 0006709
005 20160720112001.5
022 |a 1336-2828 
041 0 |a slo 
044 |a SK 
245 1 0 |a IBC. International business cooperation 
264 1 |a Bratislava  |b INFORMEX  |c 2001 
300 |a 1 zv. 
773 0 |w eu_un_cat*s120053 
610 2 0 |a vývoj hospodársky 
610 2 0 |a podnikanie 
610 2 0 |a Slovensko 
610 2 0 |a vzťahy hospodárske medzinárodné